Wszystkie gminy w Polsce na literę I - Statystyki

Ogólne statystyki
  • Ten quiz został rozwiązany 20 razy
  • Średni wynik to 11 z 22
Statystyki odpowiedzi
Hint Odpowiedź % Poprawnych
warmińsko-mazurskie Iława
100%
kujawsko-pomorskie Inowrocław
94%
śląskie Imielin
83%
lubelskie Izbica
83%
kujawsko-pomorskie Izbica Kujawska
83%
mazowieckie Iłża
61%
mazowieckie Iłów
56%
zachodniopomorskie Ińsko
56%
świętokrzyskie Iwaniska
56%
lubuskie Iłowa
44%
śląskie Istebna
44%
podkarpackie Iwonicz-Zdrój
44%
łódzkie Inowłódz
39%
małopolskie Iwanowice
39%
mazowieckie Izabelin
39%
świętokrzyskie Imielno
33%
warmińsko-mazurskie Iłowo-Osada
28%
śląskie Irządze
28%
małopolskie Iwkowa
28%
małopolskie Igołomia-Wawrzeńczyce
22%
opolskie Izbicko
22%
podkarpackie Iwierzyce
17%
Nie znaleziono quizów pasujących do podanych kryteriów
Rozkład punktacji
Procent ludzi z każdym wynikiem
Percentyl według liczby udzielonych odpowiedzi
Twoja historia wyników
Nie rozwiązałeś tego quizu